Arte del derecho : Seis meditaciones sobre el derecho /

Guardado en:
Autor Principal: Carnelutti, Francesco.
Formato: Libro
Idioma:Undetermined
Publicado: Buenos Aires : Ediciones Jurídicas Europa América, 1948.
Materias:
Ley
Etiquetas: Agregar Etiqueta
Sin Etiquetas, Sea el primero en etiquetar este registro!
LEADER 00520nam a22001575a 4500
001 EHU.bham048849
005 20111102144155.0
008 111102s1948####ag############000#0#und#d
100 1 |a Carnelutti, Francesco. 
245 0 0 |a Arte del derecho :  |b Seis meditaciones sobre el derecho /  |c Francesco Carnelutti. 
260 |a Buenos Aires :  |b Ediciones Jurídicas Europa América,  |c 1948. 
300 |a 112 p. 
653 |a Ley 
653 |a Juicio 
653 |a Deber 
859 |a AR-BHAM  |b BIB. HUMANIDADES - Donacion Lejarraga  |h MFN003068  |p 003068.19